Suomen kunnat, joiden nimessä on useampi N - Statistics

Yleistilastot
  • Tätä visaa on pelattu 132 kertaa
  • Keskiarvotulos 23 / 32
Vastaustilastot
Vihje Maakunta Kunta % Oikein
2 x N Lappi Enontekiö
91%
3 x N Kanta-Häme Hämeenlinna
86%
2 x N Ahvenanmaa Maarianhamina
86%
3 x N Keski-Suomi Kannonkoski
81%
3 x N Uusimaa Kauniainen
79%
2 x N Etelä-Karjala Lappeenranta
79%
2 x N Varsinais-Suomi Naantali
79%
3 x N Varsinais-Suomi Nousiainen
79%
2 x N Lappi Pelkosenniemi
77%
2 x N Pirkanmaa Ikaalinen
75%
2 x N Keski-Suomi Kinnula
75%
2 x N Keski-Suomi Konnevesi
75%
3 x N Uusimaa Pornainen
75%
3 x N Etelä-Savo Savonlinna
75%
2 x N Satakunta Kankaanpää
74%
2 x N Etelä-Savo Enonkoski
72%
2 x N Kanta-Häme Jokioinen
72%
2 x N Pohjois-Savo Joroinen
72%
2 x N Varsinais-Suomi Parainen
72%
2 x N Etelä-Savo Kangasniemi
70%
2 x N Keski-Pohjanmaa Kannus
70%
3 x N Pohjanmaa Kristiinankaupunki
70%
2 x N Keski-Pohjanmaa Kaustinen
68%
2 x N Pohjois-Pohjanmaa Oulainen
68%
2 x N Keski-Suomi Uurainen
68%
2 x N Pohjanmaa Kaskinen
65%
2 x N Satakunta Huittinen
61%
2 x N Pirkanmaa Kuhmoinen
61%
2 x N Satakunta Siikainen
60%
2 x N Pohjois-Savo Suonenjoki
60%
2 x N Pirkanmaa Punkalaidun
53%
2 x N Pohjanmaa Pedersören kunta
44%
Ehtoja vastaavia visoja ei löytynyt
Tulosjakauma
Jokaisen tuloksen saaneiden osuus
Persentiili vastausten määrän mukaan
Tuloshistoriasi
Et ole pelannut tätä visaa